[Event "20. Open Ciutat de Montcada 2010"]
[Site "Montcada i Reixac ESP"]
[Date "2012.07.03"]
[Round "9.1"]
[White "Burmakin, Vladimir"]
[Black "Lorenzo De La Riva, Lazaro"]
[Result "1/2-1/2"]
[WhiteElo "2586"]
[BlackElo "2422"]
[PlyCount "20"]
[EventDate "2012.06.25"]
[EventType "swiss"]
[EventRounds "9"]
[EventCountry "ESP"]
[Source "lmi"]
[SourceDate "2012.06.25"]

1. d4 Nf6 2. Nf3 g6 3. Bf4 d6 4. e3 Bg7 5. c3 O-O 6. h3 b6 7. Be2 Nbd7 8. O-O
Bb7 9. Bh2 e6 10. a4 a6 1/2-1/2

[Event "20. Open Ciutat de Montcada 2010"]
[Site "Montcada i Reixac ESP"]
[Date "2012.07.03"]
[Round "9.2"]
[White "Peralta, Fernando"]
[Black "Cori T, Deysi"]
[Result "1-0"]
[WhiteElo "2590"]
[BlackElo "2386"]
[PlyCount "61"]
[EventDate "2012.06.25"]
[EventType "swiss"]
[EventRounds "9"]
[EventCountry "ESP"]
[Source "lmi"]
[SourceDate "2012.06.25"]

1. d4 Nf6 2. c4 e6 3. Nc3 Bb4 4. e3 O-O 5. Bd3 d5 6. Nf3 c5 7. O-O Nc6 8. a3
Bxc3 9. bxc3 dxc4 10. Bxc4 Qc7 11. Bd3 e5 12. Qc2 Re8 13. Nxe5 Nxe5 14. dxe5
Rxe5 15. c4 Bd7 16. Bb2 Rh5 17. f4 Qc6 18. Rae1 Rd8 19. e4 b5 20. cxb5 Qb6 21.
Bc4 Ne8 22. Rd1 Qh6 23. h3 Nd6 24. Be2 Rh4 25. Qxc5 Bxh3 26. Qc7 Re8 27. Qxd6
Be6 28. f5 Rh1+ 29. Kf2 Rxf1+ 30. Kxf1 Qh4 31. fxe6 1-0

[Event "20. Open Ciutat de Montcada 2010"]
[Site "Montcada i Reixac ESP"]
[Date "2012.07.03"]
[Round "9.4"]
[White "Margvelashvili, Giorgi"]
[Black "Quesada Perez, Yuniesky"]
[Result "1/2-1/2"]
[WhiteElo "2552"]
[BlackElo "2625"]
[PlyCount "122"]
[EventDate "2012.06.25"]
[EventType "swiss"]
[EventRounds "9"]
[EventCountry "ESP"]
[Source "lmi"]
[SourceDate "2012.06.25"]

1. Nf3 Nf6 2. c4 e6 3. g3 b6 4. Bg2 Bb7 5. O-O c5 6. Nc3 Be7 7. d4 cxd4 8. Qxd4
d6 9. Bg5 a6 10. Bxf6 Bxf6 11. Qf4 O-O 12. Rfd1 Be7 13. Ne4 Bxe4 14. Qxe4 Ra7
15. Nd4 Rc7 16. Rd2 Qc8 17. b3 Re8 18. Rad1 Rc5 19. a4 Bf8 20. Qb1 Nd7 21. Rc2
Be7 22. e3 Bf6 23. Rcd2 Be7 24. Qa2 Ne5 25. Rc2 Bf6 26. h3 Rd8 27. Kh2 h6 28.
Rcd2 Be7 29. f4 Nd7 30. Bf1 Bf6 31. Nc2 Be7 32. b4 Rc7 33. b5 Nc5 34. Nd4 Bf6
35. Bg2 Bxd4 36. exd4 Nd7 37. c5 d5 38. c6 Nf6 39. Qb1 Ra7 40. Qd3 axb5 41.
axb5 Ra5 42. Rb1 h5 43. Qe3 Qc7 44. Bf3 g6 45. Qe5 Qxe5 46. dxe5 Ne8 47. g4 h4
48. f5 Nc7 49. fxg6 fxg6 50. g5 Rf8 51. Bg4 Rf4 52. Rbb2 Kg7 53. Kg2 Re4 54.
Rf2 Rxe5 55. Ra2 Nxb5 56. Rxa5 bxa5 57. Rc2 Rxg5 58. c7 Nxc7 59. Rxc7+ Kf6 60.
Rc6 Re5 61. Ra6 g5 1/2-1/2

[Event "20. Open Ciutat de Montcada 2010"]
[Site "Montcada i Reixac ESP"]
[Date "2012.07.03"]
[Round "9.5"]
[White "Cori, Jorge"]
[Black "Hernandez Carmenates, Holden"]
[Result "1/2-1/2"]
[WhiteElo "2479"]
[BlackElo "2570"]
[PlyCount "81"]
[EventDate "2012.06.25"]
[EventType "swiss"]
[EventRounds "9"]
[EventCountry "ESP"]
[Source "lmi"]
[SourceDate "2012.06.25"]

1. d4 Nf6 2. Nf3 e6 3. e3 b6 4. Bd3 Bb7 5. O-O d5 6. b3 Be7 7. Bb2 O-O 8. Nbd2
Ne4 9. c4 Nxd2 10. Qxd2 dxc4 11. Bxc4 Nd7 12. Rfd1 Bd6 13. d5 e5 14. Bb5 Re8
15. e4 a6 16. Bc6 Bxc6 17. dxc6 Nc5 18. Qc2 Qf6 19. Rd5 a5 20. Re1 Qe6 21. Nxe5
Bxe5 22. Rxe5 Qxc6 23. Rxe8+ Rxe8 24. f3 Rd8 25. Ba3 h6 26. Rc1 Qf6 27. Bxc5
bxc5 28. h3 c4 29. Qxc4 Rd2 30. Qxc7 Rxa2 31. Qc8+ Kh7 32. Qf5+ Qxf5 33. exf5
h5 34. Kh2 a4 35. bxa4 Rxa4 36. g4 h4 37. Rc2 Kh6 38. Kg2 Kg5 39. Kf2 Kf4 40.
Rb2 Ke5 41. Kg1 1/2-1/2

[Event "20. Open Ciutat de Montcada 2010"]
[Site "Montcada i Reixac ESP"]
[Date "2012.07.03"]
[Round "9.11"]
[White "Saptarshi, Roy"]
[Black "Ibarra Jerez, Jose Carlos"]
[Result "0-1"]
[WhiteElo "2394"]
[BlackElo "2523"]
[PlyCount "130"]
[EventDate "2012.06.25"]
[EventType "swiss"]
[EventRounds "9"]
[EventCountry "ESP"]
[Source "lmi"]
[SourceDate "2012.06.25"]

1. e4 c5 2. Nf3 e6 3. d4 cxd4 4. Nxd4 a6 5. c4 Nf6 6. Nc3 Qc7 7. a3 b6 8. Be3
Bb7 9. f3 Be7 10. Rc1 d6 11. Be2 O-O 12. O-O Nbd7 13. Qe1 Rac8 14. g4 h6 15. h4
Nh7 16. Qg3 Qd8 17. Bf2 Ne5 18. f4 Nxc4 19. Bxc4 Rxc4 20. g5 hxg5 21. fxg5 g6
22. h5 Qc8 23. Be3 e5 24. Nf3 Qe6 25. hxg6 fxg6 26. Nd2 Rcc8 27. Qg2 b5 28.
Rxf8+ Rxf8 29. Nd5 Bd8 30. Rd1 Bc8 31. Rc1 Bb7 32. Rd1 Qf7 33. Rf1 Qe8 34. Rc1
Rf7 35. Nf3 Qe6 36. Nh4 Nf8 37. Rd1 Rh7 38. Qg3 Rh5 39. Kg2 Nh7 40. Nf3 Bc8 41.
Nf6+ Nxf6 42. gxf6 Qxf6 43. Bg5 Rxg5 44. Nxg5 Qxg5 45. Rxd6 Kf7 46. Qxg5 Bxg5
47. Rc6 Be6 48. Rxa6 Bc1 49. b4 Bb3 50. Rc6 Bb2 51. Rd6 Bc2 52. Kf3 Bxa3 53.
Rd5 Ba4 54. Rxe5 Bxb4 55. Rd5 Be7 56. Ke3 b4 57. Kd2 Bc6 58. Rd4 Ke6 59. Rc4
Bd7 60. Kc2 Bd6 61. Rd4 Ba4+ 62. Kd3 Bb5+ 63. Kc2 Be2 64. Kd2 Ba6 65. Kc2 Bb7
0-1

[Event "20. Open Ciutat de Montcada 2010"]
[Site "Montcada i Reixac ESP"]
[Date "2012.07.03"]
[Round "9.12"]
[White "Bakre, Tejas"]
[Black "Cruz, Cristhian"]
[Result "0-1"]
[WhiteElo "2482"]
[BlackElo "2507"]
[PlyCount "154"]
[EventDate "2012.06.25"]
[EventType "swiss"]
[EventRounds "9"]
[EventCountry "ESP"]
[Source "lmi"]
[SourceDate "2012.06.25"]

1. Nf3 e6 2. c4 Nf6 3. g3 d5 4. Bg2 Be7 5. O-O O-O 6. d4 dxc4 7. Qa4 a6 8. Qxc4
b5 9. Qc2 Bb7 10. Bg5 Nbd7 11. Bxf6 Nxf6 12. Nbd2 Rc8 13. Nb3 c5 14. dxc5 Bd5
15. a4 bxa4 16. Rxa4 Qb6 17. Nfd4 Bxc5 18. Nxc5 Rxc5 19. Qd3 Bxg2 20. Kxg2 e5
21. Nb3 Rb5 22. Nc1 Rd8 23. Qc4 Qb7+ 24. Kg1 Rd4 25. Qc2 Rxa4 26. Qxa4 Rxb2 27.
Nd3 Rb5 28. Rc1 Nd7 29. Qc4 g6 30. Qc8+ Qxc8 31. Rxc8+ Kg7 32. Rc7 Nb6 33. f4
exf4 34. gxf4 Nd5 35. Ra7 Rb6 36. Kf2 Rf6 37. Kg3 Rd6 38. Kf3 Rf6 39. Kg3 Nc3
40. e3 Nb5 41. Ra8 Rc6 42. Nb4 Rc3 43. Kf2 Rc4 44. Nxa6 Nd6 45. Rd8 Rc2+ 46.
Kf3 Nc4 47. h3 Nd2+ 48. Kg2 Ne4+ 49. Kg1 Rc3 50. Re8 Rxe3 51. Nc5 f5 52. Re5
Rxh3 53. Nxe4 fxe4 54. Rxe4 Kf6 55. Kg2 Kf5 56. Re7 Rh4 57. Rf7+ Kg4 58. Rf8
Rh3 59. Rf7 Rh5 60. f5 g5 61. f6 Kf5 62. Rf8 h6 63. Kg3 Rh4 64. f7 Kg6 65. Ra8
Kxf7 66. Ra6 Kg7 67. Rb6 Rf4 68. Ra6 Rf6 69. Ra7+ Kg6 70. Ra1 h5 71. Ra5 h4+
72. Kg2 Kh5 73. Rb5 Kg4 74. Ra5 h3+ 75. Kg1 Kh4 76. Ra3 g4 77. Kh2 g3+ 0-1

[Event "20. Open Ciutat de Montcada 2010"]
[Site "Montcada i Reixac ESP"]
[Date "2012.07.03"]
[Round "9.13"]
[White "Lopez Martinez, Josep Manuel"]
[Black "Cruz, Filemon"]
[Result "0-1"]
[WhiteElo "2506"]
[BlackElo "2404"]
[PlyCount "76"]
[EventDate "2012.06.25"]
[EventType "swiss"]
[EventRounds "9"]
[EventCountry "ESP"]
[Source "lmi"]
[SourceDate "2012.06.25"]

1. e4 c5 2. Nf3 d6 3. d4 cxd4 4. Nxd4 Nf6 5. Nc3 a6 6. Be3 e5 7. Nb3 Be7 8. f3
Be6 9. Qd2 Nbd7 10. g4 Nb6 11. g5 Nfd7 12. O-O-O Rc8 13. h4 Qc7 14. Kb1 O-O 15.
h5 f5 16. gxf6 Nxf6 17. Bd3 Nc4 18. Bxc4 Qxc4 19. Rhg1 Rf7 20. Bg5 Bf8 21. Qh2
b5 22. Rd2 b4 23. Nd1 Qc7 24. Ne3 a5 25. Qh4 Ne8 26. f4 a4 27. f5 Bxb3 28. cxb3
axb3 29. axb3 Qa5 30. Rd5 Qa6 31. Bd8 Nf6 32. Bxf6 Ra7 33. Nc4 Qa1+ 34. Kc2
Qxg1 35. Qg5 Qe1 36. Qg4 Ra1 37. Bg5 Qb1+ 38. Kd2 Rxc4 0-1

[Event "20. Open Ciutat de Montcada 2010"]
[Site "Montcada i Reixac ESP"]
[Date "2012.07.03"]
[Round "9.15"]
[White "Anurag, Mhamal"]
[Black "Cordova, Emilio"]
[Result "1/2-1/2"]
[WhiteElo "2295"]
[BlackElo "2566"]
[PlyCount "93"]
[EventDate "2012.06.25"]
[EventType "swiss"]
[EventRounds "9"]
[EventCountry "ESP"]
[Source "lmi"]
[SourceDate "2012.06.25"]

1. c4 c5 2. g3 g6 3. Bg2 Bg7 4. Nc3 Nc6 5. e4 e6 6. Nge2 Nge7 7. O-O O-O 8. d3
d6 9. Be3 Nd4 10. Qd2 Nec6 11. Rab1 Bd7 12. Bh6 Bxh6 13. Qxh6 Rb8 14. Qd2 Qa5
15. a3 Nxe2+ 16. Qxe2 Nd4 17. Qe3 f6 18. f4 Bc6 19. g4 e5 20. g5 exf4 21. Rxf4
fxg5 22. Rxf8+ Rxf8 23. Qxg5 Qc7 24. Qg3 Qe7 25. Rf1 Rxf1+ 26. Kxf1 Qf8+ 27.
Ke1 Qh6 28. Ne2 Nxe2 29. Kxe2 Qf8 30. Qg5 Kg7 31. b4 b6 32. Ke3 h6 33. Qg3 Bd7
34. e5 Qe8 35. d4 dxe5 36. dxe5 Bf5 37. b5 g5 38. Bd5 Kf8 39. Kd2 Be6 40. Kc3
Qf7 41. Bxe6 Qxe6 42. Qf3+ Kg7 43. Qb7+ Kg6 44. Qe4+ Kg7 45. Qb7+ Kg6 46. Qe4+
Kg7 47. Qb7+ 1/2-1/2

[Event "20. Open Ciutat de Montcada 2010"]
[Site "Montcada i Reixac ESP"]
[Date "2012.07.03"]
[Round "9.16"]
[White "Fernandez Cardoso, Alexey"]
[Black "Barbero Sendic, Alejandro"]
[Result "1/2-1/2"]
[WhiteElo "2437"]
[BlackElo "2350"]
[PlyCount "21"]
[EventDate "2012.06.25"]
[EventType "swiss"]
[EventRounds "9"]
[EventCountry "ESP"]
[Source "lmi"]
[SourceDate "2012.06.25"]

1. e4 e6 2. d4 d5 3. Nd2 c5 4. Ngf3 Nc6 5. exd5 exd5 6. dxc5 Bxc5 7. Nb3 Bb6 8.
Be2 Nf6 9. O-O O-O 10. Nbd4 Re8 11. c3 1/2-1/2

[Event "20. Open Ciutat de Montcada 2010"]
[Site "Montcada i Reixac ESP"]
[Date "2012.07.03"]
[Round "9.17"]
[White "Navarro Ortiz De Orruno, Borja"]
[Black "Guerra Mendez, Jose Angel"]
[Result "1/2-1/2"]
[WhiteElo "2348"]
[BlackElo "2434"]
[PlyCount "99"]
[EventDate "2012.06.25"]
[EventType "swiss"]
[EventRounds "9"]
[EventCountry "ESP"]
[Source "lmi"]
[SourceDate "2012.06.25"]

1. d4 Nf6 2. c4 e6 3. Nf3 b6 4. g3 Bb7 5. Bg2 Be7 6. O-O O-O 7. Nc3 Ne4 8. Nxe4
Bxe4 9. Bf4 d6 10. Ne1 Bxg2 11. Kxg2 c6 12. Nf3 Nd7 13. Qd2 Rc8 14. b3 d5 15.
Rfd1 h6 16. Qd3 Nf6 17. h3 c5 18. dxc5 Bxc5 19. Be5 dxc4 20. Qxc4 Qe7 21. Qh4
a5 22. Bxf6 Qxf6 23. Qxf6 gxf6 24. a4 Rfd8 25. Nd2 Kf8 26. Nc4 Ke7 27. Kf3 f5
28. e3 h5 29. h4 Kf6 30. Ke2 e5 31. Rac1 Rxd1 32. Rxd1 Ke6 33. Rd2 Rg8 34. Kf3
f6 35. Rd1 Rb8 36. Rc1 Kd5 37. Rd1+ Ke6 38. Rc1 Bf8 39. Rd1 Be7 40. Ke2 Bc5 41.
Kf3 Rg8 42. Ke2 f4 43. exf4 exf4 44. Kf3 fxg3 45. fxg3 Rb8 46. Re1+ Kf5 47. Rd1
Ke6 48. Re1+ Kf5 49. Rd1 Ke6 50. Re1+ 1/2-1/2

[Event "20. Open Ciutat de Montcada 2010"]
[Site "Montcada i Reixac ESP"]
[Date "2012.07.03"]
[Round "9.19"]
[White "Vojinovic, Jovana"]
[Black "Mestre Bellido, Hector"]
[Result "1/2-1/2"]
[WhiteElo "2375"]
[BlackElo "2339"]
[PlyCount "53"]
[EventDate "2012.06.25"]
[EventType "swiss"]
[EventRounds "9"]
[EventCountry "ESP"]
[Source "lmi"]
[SourceDate "2012.06.25"]

1. d4 d5 2. Bf4 c6 3. e3 Qb6 4. b3 Bf5 5. Nf3 Nf6 6. Be2 Nbd7 7. O-O Nh5 8. Bg5
h6 9. Bh4 g5 10. Nfd2 Ng7 11. Bg3 Bg6 12. c4 Nf5 13. cxd5 cxd5 14. Nc3 e6 15.
Bb5 Nxg3 16. hxg3 Qa5 17. b4 Bxb4 18. Nb3 Qd8 19. Nc5 Bxc5 20. dxc5 O-O 21. e4
Nxc5 22. exd5 Qf6 23. Qc1 Rac8 24. Qe3 a6 25. Be2 Rfd8 26. Rad1 e5 27. d6
1/2-1/2

[Event "20. Open Ciutat de Montcada 2010"]
[Site "Montcada i Reixac ESP"]
[Date "2012.07.03"]
[Round "9.20"]
[White "Navarro Lopez-Menchero, Daniel"]
[Black "Vehi Bach, Victor Manuel"]
[Result "0-1"]
[WhiteElo "2230"]
[BlackElo "2359"]
[PlyCount "76"]
[EventDate "2012.06.25"]
[EventType "swiss"]
[EventRounds "9"]
[EventCountry "ESP"]
[Source "lmi"]
[SourceDate "2012.06.25"]

1. e4 c5 2. Nf3 d6 3. d4 cxd4 4. Nxd4 Nf6 5. Nc3 e6 6. Bc4 Be7 7. O-O O-O 8.
Bb3 Na6 9. f4 Nc5 10. Qf3 a5 11. a4 e5 12. Ndb5 Nxb3 13. cxb3 Be6 14. Nd5 Nxd5
15. exd5 Bd7 16. Qd3 f5 17. Be3 e4 18. Qe2 Bxb5 19. Qxb5 Bf6 20. Rf2 Rf7 21.
Rc1 g5 22. g3 gxf4 23. gxf4 Rg7+ 24. Kh1 Kh8 25. Rg1 Rxg1+ 26. Kxg1 Qc7 27. Kh1
Qf7 28. Qc4 Qh5 29. Qe2 Qxe2 30. Rxe2 Rc8 31. Bb6 Kg7 32. Bxa5 Rc5 33. Bb6 Rxd5
34. Rc2 Rd3 35. Rc7+ Kg6 36. Rxb7 Rxb3 37. a5 e3 38. a6 Rxb6 0-1